Countries Most Similar To Papua New Guinea - Statistics

General Stats
  • This quiz has been taken 60 times
  • The average score is 8 of 20
Answer Stats
Rank Country Score % Correct
4 Fiji 64
81%
1 Solomon Islands 79.7
81%
2 Vanuatu 75
76%
3 Samoa 67.1
71%
5 East Timor 62
64%
13 Philippines 59.2
55%
9 Madagascar 59.9
43%
20 Mozambique 57.6
38%
6 Tanzania 60.7
38%
14 Kenya 58.7
33%
18 DRC 57.9
31%
11 Uganda 59.3
26%
7 Zambia 60.1
26%
17 Ghana 58.2
24%
15 Malawi 58.5
21%
12 Rwanda 59.2
21%
16 Guyana 58.4
19%
19 Belize 57.8
14%
8 Liberia 60
14%
10 Sierra Leone 59.9
12%
No matching quizzes found
Score Distribution
Percent of People with Each Score
Percentile by Number Answered
Your Score History
You have not taken this quiz